000 00727nam a2200253 i 4500
001 C2-0257820
003 PPAK
005 20180727224646.0
008 040827s2004 cau |||| ||||| | eng d
020 _a0321150716
040 _aPPAK
_beng
_cPPAK
_erda
082 0 4 _a005.72
_223
090 0 0 _a005.72
_bNEG
_dR
100 1 _aNegrino, Tom,
_eauthor
245 1 0 _aJavascript for the world wide web
264 1 _aBerkeley :
_bPeachpit Press ,
_c2004
300 _axx, 494 pages ;
_c23 cm
336 _2rdacontent
_atext
337 _2rdamedia
_aunmediated
338 _2rdacarrier
_avolume
650 1 0 _aJavaScript (Computer program langauge) ; World Wide Web ; Electronic publishing
700 _eauthor
942 _ddc
_cB
999 _c69548
_d69548